Cultivar and fertilizer evaluations of winter wheat in the upper Gulf Coast /

Bibliographic Details
Main Author: Sij, John W.
Corporate Author: Texas Agricultural Experiment Station
Other Authors: Turner, F. T., Whitney, N. G. (Namon Glenn)
Format: Government Document Book
Language:English
Published: College Station, Tex. : Texas Agricultural Experiment Station, Texas A&M University System, [1984]
Subjects:

MARC

Tag First Indicator Second Indicator Subfields
LEADER 00000cam a2200000 a 4500
001 in00001069213
005 20150929093000.0
008 841004s1984 txu b s00010 eng d
035 |a (OCoLC)11228901 
035 |9 AFM7482AM 
040 |a IKM  |c IKM  |d UtOrBLW 
049 |a IKMd 
086 |a Z TA245.7 P943 no.4208  |2 txdocs 
100 1 |a Sij, John W. 
245 1 0 |a Cultivar and fertilizer evaluations of winter wheat in the upper Gulf Coast /  |c J.W. Sij, F.T. Turner, and N.G. Whitney. 
264 1 |a College Station, Tex. :  |b Texas Agricultural Experiment Station, Texas A&M University System,  |c [1984] 
300 |a 7 pages ;  |c 28 cm. 
336 |a text  |b txt  |2 rdacontent 
337 |a unmediated  |b n  |2 rdamedia 
338 |a volume  |b nc  |2 rdacarrier 
500 |a Caption title. 
500 |a "PR-4208." 
500 |a "August 1984." 
504 |a Bibliography: page 4. 
650 0 |a Wheat  |z Texas  |x Fertilizers. 
650 0 |a Wheat  |z Texas  |x Varieties. 
700 1 |a Turner, F. T. 
700 1 |a Whitney, N. G.  |q (Namon Glenn) 
710 2 |a Texas Agricultural Experiment Station. 
999 |a MARS 
999 f f |s 5b209f31-bb27-3503-a15a-92f8b2eb6e94  |i cbcaa80d-5cf6-3a99-9ca3-12beb382813f  |t 0 
952 f f |p normal  |a Texas A&M University  |b College Station  |c Sterling C. Evans Library  |d Evans: Texas Documents (Annex 5th floor)  |t 0  |e Z TA245.7 P943 no.4202-4208  |h Superintendent of Documents classification  |i unmediated -- volume  |k no.4202-4208  |l 1984:June-Aug.  |m A14839059423 
952 f f |a Texas A&M University  |b College Station  |c Sterling C. Evans Library  |d Evans: Texas Documents (Annex 5th floor)  |t 0  |e Z TA245.7 P943 no.4202-4208  |h Superintendent of Documents classification 
998 f f |a Z TA245.7 P943 no.4202-4208  |s no.4202-4208  |t 0  |l Evans: Texas Documents (Annex 5th floor)